000 00599nam a2200205Ia 4500
005 20250923145344.0
008 008 250917s9999 xx 000 0 eng d
037 _aTextual
040 _aDSWL
_beng
_cDSWL
041 _aeng
_2eng
084 _aa494(P111,J), N72
_qDSWL
100 _aLinton, Marigold
_9834410
245 2 _aA Simplified style manual
_c by Marigold Linton
260 _aNew York
_b Appleton Centruy Crafts
_c1972
300 _axix,184p.
365 _aUSD
_b5 . 25
925 _g5 . 25
942 _cTEXL
_ha494(P111,J), N72
999 _c1450369
_d1450369